000 00549nam a2200181Ia 4500
008 090123s9999 xx 000 0 und d
082 _b23095
100 _aपिंगे रवींद्र
245 _aमोकळं आकाश
250 _a1
260 _bसाहित्य अकादमी
_c1971
300 _a394
600 _aपिंगे रवींद्र
630 _aमोकळं आकाश
700 _aपिंगे रवींद्र
730 _aमोकळं आकाश
942 _cBOOK
999 _c61167
_d61167